| 000 | 00553nam a2200229Ia 4500 | ||
|---|---|---|---|
| 008 | 210210b2006 xxu||||| |||| 00| 0 eng d | ||
| 020 | _a8120416945 | ||
| 041 | _aeng | ||
| 082 | _a337 VAII | ||
| 100 | _aVAISH (M C) | ||
| 245 | _aInternational economics Ed 8 | ||
| 250 | _a | ||
| 260 |
_aNew Delhi _bOxford & IBH Publishing Co. Pvt. Ltd. _c2006 |
||
| 300 | _axii,477 | ||
| 650 | _aInternational | ||
| 650 | _aEd | ||
| 650 | _aeconomics | ||
| 650 | _a8 | ||
| 690 | _aInternational Economics | ||
| 700 | _aSINGH (Sudama) | ||
| 906 | _a066863 | ||
| 999 |
_c149317 _d149317 |
||